ARRUPE JESUIT UNIVERSITY

CORONAVIRUS -STOP THE SPREAD - CLEAN,DISINFECT,COVER

The zambezi valley refrain : (Record no. 124887)

MARC details
000 -LEADER
fixed length control field 00883cam a22002655i 4500
001 - CONTROL NUMBER
control field 19146517
003 - CONTROL NUMBER IDENTIFIER
control field ARRUPE
005 - DATE AND TIME OF LATEST TRANSACTION
control field 20160810113050.0
008 - FIXED-LENGTH DATA ELEMENTS--GENERAL INFORMATION
fixed length control field 160622s2016 rh a b 000 0 eng
010 ## - LIBRARY OF CONGRESS CONTROL NUMBER
LC control number 2015334291
020 ## - INTERNATIONAL STANDARD BOOK NUMBER
International Standard Book Number 9780797469532
040 ## - CATALOGING SOURCE
Original cataloging agency DLC
Language of cataloging eng
Transcribing agency DLC
Description conventions rda
042 ## - AUTHENTICATION CODE
Authentication code lcode
050 ## - LIBRARY OF CONGRESS CALL NUMBER
Classification number DT3058.T65N337
300 ## - PHYSICAL DESCRIPTION
Other physical details illustrations ;
Dimensions 21 cm
100 1# - MAIN ENTRY--PERSONAL NAME
Personal name Ndlovu, Mary.
9 (RLIN) 24711
245 14 - TITLE STATEMENT
Title The zambezi valley refrain :
Remainder of title the story of Basilwizi, 2002-2015
Statement of responsibility, etc / Mary Ndlovu.
260 ## - PUBLICATION, DISTRIBUTION, ETC. (IMPRINT)
Place of publication, distribution, etc Bulawayo
Name of publisher, distributor, etc Basilwizi
Date of publication, distribution, etc 2016
300 ## - PHYSICAL DESCRIPTION
Extent xi, 201 p.;
504 ## - BIBLIOGRAPHY, ETC. NOTE
Bibliography, etc Includes bibliographical references (pages 195-197).
650 ## - SUBJECT ADDED ENTRY--TOPICAL TERM
Topical term or geographic name as entry element Tonga (African people)
General subdivision Social life and conditions
9 (RLIN) 24712
650 ## - SUBJECT ADDED ENTRY--TOPICAL TERM
Topical term or geographic name as entry element Tonga (African people)
General subdivision Economic conditions
9 (RLIN) 24713
906 ## - LOCAL DATA ELEMENT F, LDF (RLIN)
a 0
b ibc
c origode
d 3
e ncip
f 20
g y-gencatlg
942 ## - ADDED ENTRY ELEMENTS (KOHA)
Source of classification or shelving scheme Library of Congress Classification
Koha item type Monograph ( Printed materials)
Holdings
Withdrawn status Lost status Source of classification or shelving scheme Damaged status Not for loan Collection code Home library Current library Shelving location Date acquired Total Checkouts Full call number Barcode Date last seen Price effective from Koha item type
    Library of Congress Classification     Main Collection ARRUPE LIBRARY ARRUPE LIBRARY Main Collection 10/08/2016   DT3058.T65N337 46500009432 07/12/2017 10/08/2016 Monograph ( Printed materials)

 

Arrupe Library. PO Box MP320 Mt Pleasant, Harare, Zimbabwe
263 242 745411|librarian@aju.ac.zw